000
00224nam a22000977a 4500
008
230703b xxu||||| |||| 00| 0 eng d
082
_a
342.417
_b
IRE
245
_a
Constitution of Ireland
300
_a
XV,235p
942
_2
ddc
_c
BK
999
_c
3536
_d
3536